00971cam a22002774a 4500999001500000001000900015003000400024005001700028008004100045010001700086020002200103040001800125042000800143050002400151082001500175100002500190245007000215260003900285300004100324504006600365650002800431700004800459906004500507942001600552952012500568 c1563d156312447598OSt20210629053726.0010621s2002 maua b 001 0 eng  a 2001045101 a0321011848 (pbk.) aDLCcDLCdDLC apcc00aLB1051b.S7394 200200a370.152211 aSternberg, Robert J.10aEducational psychology /cRobert J. Sternberg, Wendy M. Williams. aBoston :bAllyn and Bacon,cc2002. axxiii, 616 p. :bcol. ill. ;c28 cm. aIncludes bibliographical references (p. 547-592) and indexes. 0aEducational psychology.1 aWilliams, Wendy M.q(Wendy Melissa),d1960- a7bcbccorignewd1eocipf20gy-gencatlg 2lcccBKnMM 00102lcc4070aMLIBbMLIBcOSd2021-06-29l1oLB1051 .S7394 2002p28003012r2023-02-06s2023-01-23w2021-06-29yBKzMM